• 首页
  • 本馆介绍
  • 公告通知
  • 最新文献
  • 馆藏检索
  • 电子资源
  • 读者导购
  • 参考咨询
  • 我的图书馆
  • 登录
  • 详细信息显示
  • 放入我的书架
  • 预约/预借图书
  • 作者相关作品
  • 分类相关作品
  • 丛书相关作品
  • 出版社相关作品

书目信息

  • 表格格式
  • 工作单格式
  • 卡片格式
题名:
超强测谎术
    
 
作者: 克雷格 著 ;黄军令 , 张璐 译
分册:  
出版信息: 广州   花城出版社  2016
页数: 222页
开本: 21cm
丛书名:
单 册:
中图分类: C912.69
科图分类:
主题词: 谎言--huang yan--鉴别--通俗读物
电子资源:
ISBN: 978-7-5360-7991-5
000 01209nam0 22002771 450
001 0109172418
005 20170309172418.0
010    @a978-7-5360-7991-5@dCNY32.00
100    @a20161009d2016 em y0chiy50 ea
101 1  @achi@ceng
102    @aCN@b440000
105    @aa z 000yy
106    @ar
200 1  @a超强测谎术@9chao qiang ce huang shu@dSuper polygraph technique@e从声音到表情让你瞬间识别@f(澳)大卫·克雷格著@g黄军令,张璐译@zeng
210    @a广州@c花城出版社@d2016
215    @a222页@c图@d21cm
330    @a本书介绍“超级测谎术”,该方法通过听声音和捕捉表情,可以瞬间鉴别犯罪嫌疑人的真话与谎言。读者使用“超级测谎术”可以帮助周围人判别善意或者恶意的谎言,更好地进行日常的社交;在职场中有助于大家了解上司与下属的心理;在商业谈判时更轻松自如地鉴别商业信息,摸清客户需求。
510 1  @aSuper polygraph technique@zeng
517 1  @a从声音到表情让你瞬间识别@9cong sheng yin dao biao qing rang ni shun jian shi bie
606 0  @a谎言@9huang yan@x鉴别@j通俗读物
690    @aC912.69@v5
701  0 @c(澳)@a克雷格@9ke lei ge@c(Craig, David)@4著
702  0 @a黄军令@9huang jun ling@4译
702  0 @a张璐@9zhang lu@4译
801  0 @aCN@bTANGWEI@c20170308
905    @b0953324-7@dC912.69@e960@f4
    
    超强测谎术=Super polygraph technique:从声音到表情让你瞬间识别/(澳)大卫·克雷格著/黄军令,张璐译.-广州:花城出版社,2016
    222页:图;21cm
    
    
    ISBN 978-7-5360-7991-5:CNY32.00
    本书介绍“超级测谎术”,该方法通过听声音和捕捉表情,可以瞬间鉴别犯罪嫌疑人的真话与谎言。读者使用“超级测谎术”可以帮助周围人判别善意或者恶意的谎言,更好地进行日常的社交;在职场中有助于大家了解上司与下属的心理;在商业谈判时更轻松自如地鉴别商业信息,摸清客户需求。
●
相关链接 在E读中查询图书 在五车中查询图书 在当当中查询图书 在豆瓣中查询图书


正题名:超强测谎术     索取号:C912.69/960         预约/预借

序号 登录号 条形码 馆藏地/架位号 状态 备注
1 0953324   209533245   第一样本阅览室/ [索取号:C912.69/960] 在馆    
2 0953325   209533254   第一借阅区/ [索取号:C912.69/960] 在馆    
3 0953326   209533263   第一借阅区/ [索取号:C912.69/960] 在馆    
4 0953327   209533272   第一借阅区/ [索取号:C912.69/960] 在馆    
唐山师范学院图书馆 欢迎您!
大连网信软件有限公司© 版权所有